Loading...

Human ecology of foragers

Bibliografiske detaljer
Hovedforfatter: Dash, Jagannatha
Format: Printed Book
Udgivet: New Delhi, Commonwealth 1998
Fag:
LEADER 005730000a22001810004500
020 |a 91-7169-551-5 
082 |a 574.51 DAS 
100 |a Dash, Jagannatha  |9 131762 
245 |a Human ecology of foragers 
260 |a New Delhi, Commonwealth 
260 |c 1998 
650 |a Forest policy  |9 131763 
650 |a Human ecology  |9 131764 
650 |a Peoples and Habitat  |9 131765 
650 |a Techno economics  |9 131766 
942 |c BK 
999 |c 176201  |d 176197 
952 |0 0  |1 0  |4 0  |6 574_510000000000000_DAS  |7 0  |9 174604  |a SES  |b SES  |d 2019-05-16  |l 0  |o 574.51 DAS  |p SES00865  |r 2019-05-16  |w 2019-05-16  |y BK